000 01177 a2200301 4500
502 _aThèse
653 1 _aSciences et Techniques de Production Animale
100 _aAMADOU, Abdou
041 _bFr
245 _aEvaluation de l'efficacité de quelques pesticides botaniques dans le contrôle de Sclerotium Rolfsii Sacc. Agent responsable de la fonte de semis dans la vollée de l'Ouémé, République du Bénin
300 _aXIV-66 p.
650 _aPESTICIDE D'ORIGINE VEGETALE
650 _aSCLEROTIUM ROLFSII SACC
650 _aNIEBE
300 _bill., graph., tabl,;29 cm.
130 _lFr
710 _a<Abomey-Calavi>, <Université d'Abomey-Calavi>, <FAculté des Sciences Agronomiques>, <UAC>, <BJ>
040 _aDOC.
651 _aOUEME
651 _aVALLEE DE L'OUEME
041 _bFr
041 _bEn
653 1 _aSciences et Techniques de Production Animale
651 _aBENIN
520 _aLa présente étude évalue l'efficacité de quelques pesticides botaniques dans le contrôle de S. rolfsii, pathogène responsable de la fonte de semis du niébé dans la vallée de l'Ouémé...
690 _aPESTICIDE BOTANIQUE
999 _c30547
_d30547